| 000 | 005510000a22001810004500 | ||
|---|---|---|---|
| 003 | MACL | ||
| 005 | 20160216145826.0 | ||
| 008 | 160216b xxu||||| |||| 00| 0 eng d | ||
| 040 |
_aMACL _cMACL |
||
| 041 | _aHindi | ||
| 082 | _a320 | ||
| 100 |
_aदेसाई नारायण _938216 |
||
| 245 | _aसर्वोदय-विचार | ||
| 260 |
_bअखिल भारत सर्व सेवा संघ प्रकाशन _c1959 _aकाशी |
||
| 350 | _a0.75 | ||
| 650 |
_aPolitical Science _938495 |
||
| 942 |
_cHIN _k320 _2ddc |
||
| 999 |
_c24841 _d24841 |
||